000
00250nam a2200109Ia 4500
008
200302s9999 xx 000 0 und d
100
_a
Cyril Aldred
245
_a
The Egyptians
260
_b
Thames and Hudson Ltd.
260
_c
1984
300
_a
216 P.,
999
_c
2273
_d
2273